| 000 | 00671nam a2200241Ia 4500 | ||
|---|---|---|---|
| 003 | OSt | ||
| 005 | 20220918165157.0 | ||
| 006 | a|||||r|||| 00| 0 | ||
| 007 | ta | ||
| 008 | 220917b |||||||| |||| 00| 0 eng d | ||
| 020 | _a1555877567 (pbk) | ||
| 024 | _a158,037 | ||
| 037 | _cTextual | ||
| 040 |
_aARTS _cARTS _beng |
||
| 041 |
_2eng _aeng |
||
| 082 | _aV1:19(zQ).N, N8 (SC) | ||
| 245 | 0 | _aPolitics of peace maintenance edited by Jarat Chopra | |
| 260 |
_aBoulder _bLynne Rienner Publishers _c1998 |
||
| 300 |
_axi, 145p. _ccm. |
||
| 650 |
_aPEACE; HISTORY _916936 |
||
| 942 |
_hV1:19(zQ).N, N8 (SC) _cTEXL _2CC |
||
| 999 |
_c128650 _d128650 |
||